|
|
|
|
| LEADER |
00000nab a2200000 ar4500 |
| 001 |
vtls009521920 |
| 003 |
SK-MaSNL |
| 005 |
20260305041326.0 |
| 008 |
090604c20090319xo mr|p|||||||000 b|slo |
| 038 |
|
|
|a SNSK
|
| 040 |
|
|
|b slo
|c SNSK
|e AACR2
|
| 041 |
|
|
|a slo
|
| 044 |
|
|
|a xo
|c SK
|
| 080 |
|
|
|a 582.632.2
|x (437.676)
|2 2001
|
| 080 |
|
|
|a 629.534.3
|x (460)
|x "1492"
|2 2001
|
| 245 |
0 |
0 |
|a Ameriku objavil na našich duboch!
|b Krištof Kolumbus
|c [autor](nov)
|
| 300 |
|
|
|b Fotogr.
|
| 648 |
|
7 |
|a 1492
|2 snsk
|9 378125
|
| 650 |
0 |
7 |
|a dub zimný
|2 snsk
|9 16188
|
| 650 |
0 |
7 |
|a stavby lodí
|2 snsk
|9 1621739
|
| 651 |
|
7 |
|a Kokošovce (Slovensko)
|2 snsk
|9 57205
|
| 651 |
|
7 |
|a Prešov (Slovensko : okres)
|2 snsk
|9 28797
|
| 773 |
0 |
|
|t Nový Čas
|g Roč. 19, č. 65 (19.3.2009), s. 16
|x 1335-4655
|
| 852 |
|
|
|a SNSK
|b KIS3GCP
|
| 999 |
|
|
|c 3343213
|d 3345143
|